| 000 | 00644nam a2200205 i 4500 | ||
|---|---|---|---|
| 001 | 27138 | ||
| 003 | ES-MaACL | ||
| 005 | 20230906153551.0 | ||
| 007 | t| | ||
| 008 | 030113s1934 sp ||||1| spa d | ||
| 100 | 1 |
_aAza, Vital, _d1890-1961 _9170049 |
|
| 245 | 1 | 0 |
_aPor qué la mujer no tiene hijos / _cel Dr. Vital Aza Diaz. |
| 260 |
_aMadrid : _bCenit, _c1934 ( _fImp. Rotativa) |
||
| 300 |
_a106 p. ; _c17 cm. |
||
| 490 | 1 |
_aBiblioteca de vulgarización médica ; _v10 |
|
| 650 | 4 |
_aEsterilidad. _912534 |
|
| 830 | 1 |
_aBiblioteca de vulgarización médica ; _v10 _9182304 |
|
| 852 | 4 |
_aES-MaACL _jB-9747 |
|
| 999 |
_c27138 _d27138 |
||